Powers of Congress - Statistics

General Stats
  • This quiz has been taken 6 times
  • The average score is 14 of 36
Answer Stats
The Congress shall have Power... % Correct
To lay and collect {Taxes}, Duties, Imposts and Excises,
100%
and among the several {States},
83%
To {coin} Money, regulate the Value thereof, and of foreign Coin,
83%
To declare {War},
83%
to pay the {Debts} and provide for the common Defence and general Welfare of the United States;
83%
To regulate {Commerce} with foreign Nations,
83%
and all other Powers vested by this {Constitution} in the Government of the United States, or in any Department or Officer thereof.
67%
And to make all {Laws} which shall be necessary and proper for carrying into Execution the foregoing Powers,
67%
but no Appropriation of Money to that Use shall be for a longer Term than {two} Years;
67%
To establish {Post} Offices and {post} Roads;
67%
To provide and maintain a {Navy};
67%
To provide for calling forth the {Militia} to execute the Laws of the Union,
67%
To raise and support {Armies},
67%
and fix the Standard of Weights and {Measures};
50%
for the Erection of {Forts}, Magazines, Arsenals, dock-Yards, and other needful Buildings;
50%
suppress Insurrections and repel {Invasions};
50%
and the Authority of {training} the Militia according to the discipline prescribed by Conrgess;
33%
by securing for limited Times to Authors and {Inventors} the exclusive Right to their respective Writings and Discoveries;
33%
To promote the Progress of {Science} and useful Arts,
33%
and with the {Indian} {Tribes};
17%
as may, by Cession of particular States, and the Acceptance of Congress, become the {Seat} of the Government of the United States,
17%
but all Duties, Imposts, and Excises shall be {uniform} throughout the United States;
17%
grant Letters of {Marque} and Reprisal,
17%
reserving to the States respectively, the Appointment of the {Officers},
17%
To {borrow} Money on the credit of the United States;
17%
To constitute {Tribunals} inferior to the supreme Court;
17%
To make Rules for the Government and {Regulation} of the land and naval Forces;
17%
To provide for organizing, {arming}, and disciplining, the Militia,
17%
To provide for the Punishment of {counterfeiting} the Securities and current Coin of the United States;
17%
and for {governing} such Part of them as may be employed in the Service of the United States,
0%
and make Rules concerning {Captures} on Land and Water;
0%
and to exercise like Authority over all Places {purchased} by the Consent of the Legislature of the State in which the same shall be,
0%
and uniform Laws on the subject of {Bankruptcies} throughout the United States;
0%
To define and punish {Piracies} and Felonies on committed on the high Seas, and Offences against the Law of Nations;
0%
To establish an uniform Rule of {Naturalization},
0%
To exercise exclusive Legislation in all cases whatsoever, over such {District} (not exceeding ten miles square)
0%
No matching quizzes found
Score Distribution
Percent of People with Each Score
Percentile by Number Answered
Your Score History
You have not taken this quiz